000 00608cam a22002291 4500
001 sa 63003594
003 DLC
005 20260227111943.0
008 890801s1962 ii b 000 0 maro
010 _asa 63003594
035 _a(OCoLC)20109440
040 _aDLC
_cWaU
_dDLC
042 _apremarc
050 0 0 _aGN315
_b.S2
100 1 _aŚāraṅgapāṇī, Madhusūdana Mukunda.
245 1 0 _aSāmājika mānavaśāstra.
_bSocial anthropology.
260 _c[1962?]
300 _a4, 320, 6 p.
_c22 cm.
500 _aIn Marathi.
504 _aBibliography: p. [5]-6 at end.
650 0 _aEthnology.
999 _c55187
_d55187